[Event "SVK-ch U08"]
[Site "Tatralandia"]
[Date "2015.04.23"]
[Round "7"]
[White "Stevik, Patrik"]
[Black "Rakasz, Botond"]
[Result "1-0"]
[WhiteElo "1388"]
[BlackElo "1000"]
[PlyCount "65"]
[EventDate "2015.04.18"]
[EventType "tourn"]
[EventRounds "9"]
[EventCountry "SVK"]
[SourceTitle "CBM 166 Extra"]
[Source "ChessBase"]
[SourceDate "2015.06.18"]
[SourceVersion "1"]
[SourceVersionDate "2015.06.18"]
[SourceQuality "1"]

1. e4 e5 2. Nf3 Nc6 3. Nc3 Nf6 4. Bb5 d6 5. h3 Bd7 6. 0-0 Be7 7. Re1 0-0 8. d3 a6 9. Bc4 b5 10. Bb3 Qc8 11. Nd5 Re8 12. Bg5 Qd8 13. Nxe7+ Qxe7 14. Bd5 Rad8 15. Nh4 h6 16. Nf5 Bxf5 17. Bxf6 Qxf6 18. Bxc6 Re6 19. exf5 Qxf5 20. Qf3 Qg6 21. Be4 Qf6 22. Qxf6 Rxf6 23. a3 d5 24. Bf3 Re6 25. Rac1 Rdd6 26. c4 dxc4 27. dxc4 bxc4 28. Rxc4 Rd2 29. Rxc7 Rxb2 30. Be4 Rd2 31. Rc8+ Rd8 32. Rxd8+ Re8 33. Rxe8# 1-0